000 00335 a2200157 4500
001 61081
020 _a8574721190
040 _cAnchieta - Pituba
100 _aHasse, Marta
240 1 0 _aPlanet English 5
_lpor
245 1 0 _aPlanet English 5
300 _a143
362 0 _a2001
650 4 _aInglês e inglês antigo
942 _cBK
999 _c61081
_d61081